000 00442nam a22001697a 4500
999 _c164192
_d164192
005 20190513170956.0
010 _aA-935607
020 _a8170996767
035 _aA-935607
037 _bMittal Publications
082 _a881
100 _aHauzel, Hoihnu.
245 _aMoments of time /
_cHoihnu Hauzel.
260 _aNew Delhi
_bMittal Publications
_c1997
300 _a104p
_c22cm (hbk)
942 _2ddc
_cEN
_h881
_mHAU